| 000 | 00398nam a22001697a 4500 | ||
|---|---|---|---|
| 005 | 20230802142608.0 | ||
| 008 | 230802b |||||||| |||| 00| 0 eng d | ||
| 020 | _a8120327438 | ||
| 082 |
_a006.89 _bTSU-D |
||
| 100 | _aTsui,James | ||
| 245 | _aDigital Techniques for Wideband Recievers | ||
| 250 | _a2nd | ||
| 260 |
_aIndia _bPHI _c2004 |
||
| 300 | _a588 pages | ||
| 650 | _aMISC | ||
| 999 |
_c33180 _d33180 |
||